Airports codes of Quebec - Statistics

General Stats
  • This quiz has been taken 4 times
  • The average score is 7 of 15
Answer Stats
Hint Answer % Correct
YUL Montréal
100%
YQB Quebec
100%
YGP Gaspé
67%
YBG Saguenay
67%
YZV Sept-ile
67%
YRQ Trois-rivière
67%
YVO Val-d'or
67%
YBC Baie-comeau
33%
YHU Longueil
33%
YMX Mirabel
33%
YUY Rouyn-noranda
33%
YGR Îles-de-la-Madeleine
0%
YVP Kuujuaq
0%
YGL La grande rivière
0%
YYY Mont-joli
0%
No matching quizzes found
Score Distribution
Percent of People with Each Score
Percentile by Number Answered
Your Score History
You have not taken this quiz